[Event "Open Ciutat de Sabadell 2010"]
[Site "Sabadell ESP"]
[Date "2010.09.08"]
[Round "7.9"]
[White "Rios, Cristhian Camilo"]
[Black "Gomez Jurado, Luis Alberto"]
[Result "1-0"]
[WhiteElo "2380"]
[BlackElo "2339"]
[PlyCount "143"]
[EventDate "2010.09.01"]
[EventType "swiss"]
[EventRounds "9"]
[EventCountry "ESP"]
[Source "lmi"]
[SourceDate "2010.09.01"]

1. d4 Nf6 2. c4 e6 3. Nc3 Bb4 4. e3 b6 5. Nge2 Bb7 6. a3 Be7 7. Nf4 O-O 8. Be2
d5 9. cxd5 exd5 10. Bf3 c6 11. O-O Na6 12. e4 dxe4 13. Nxe4 Nc7 14. Ng3 g6 15.
Re1 Qd7 16. Nd3 Ne6 17. Be3 Rfd8 18. Ne5 Qd6 19. Qb3 Rac8 20. Bf4 Nd5 21. Nxf7
Qxf4 22. Nxd8 Nxd4 23. Bxd5+ cxd5 24. Qe3 Qxe3 25. fxe3 Nc2 26. Nxb7 Nxa1 27.
Rxa1 Rc7 28. Rd1 Rxb7 29. Rxd5 Rc7 30. Ne4 Kf7 31. Kf2 Ke6 32. Rd2 Rc1 33. Ke2
a5 34. Kd3 b5 35. Nc3 Rh1 36. h3 b4 37. axb4 Bxb4 38. Rc2 h5 39. Ke4 g5 40. Nd5
Bd6 41. Nc7+ Bxc7 42. Rxc7 Rb1 43. Rc6+ Kd7 44. Rc2 Ke6 45. Rc6+ Kf7 46. Kf5
Rxb2 47. Rc7+ Ke8 48. g4 Kd8 49. Rc5 hxg4 50. hxg4 a4 51. Ra5 Ra2 52. e4 Ra1
53. Kxg5 a3 54. Kf5 Ke7 55. Ra7+ Kf8 56. g5 a2 57. Kg6 Ke8 58. e5 Kd8 59. e6
Ke8 60. Kg7 Kd8 61. g6 Ke8 62. e7 Re1 63. Rxa2 Kxe7 64. Kg8 Re3 65. Ra7+ Ke8
66. g7 Rh3 67. Ra4 Rh1 68. Re4+ Kd7 69. Kf7 Rf1+ 70. Kg6 Rg1+ 71. Kf6 Rg2 72.
Re5 1-0

[Event "Open Ciutat de Sabadell 2010"]
[Site "Sabadell ESP"]
[Date "2010.09.08"]
[Round "7.10"]
[White "Zoler, Dan"]
[Black "Rios, Alejandro"]
[Result "1-0"]
[WhiteElo "2509"]
[BlackElo "2299"]
[PlyCount "69"]
[EventDate "2010.09.01"]
[EventType "swiss"]
[EventRounds "9"]
[EventCountry "ESP"]
[Source "lmi"]
[SourceDate "2010.09.01"]

1. d4 Nf6 2. c4 e6 3. Nf3 Bb4+ 4. Nbd2 d5 5. e3 O-O 6. a3 Be7 7. b4 a5 8. b5 c5
9. dxc5 Bxc5 10. Bb2 Nbd7 11. Qc2 a4 12. Bd3 h6 13. O-O Qe7 14. cxd5 exd5 15.
Rfe1 Re8 16. e4 Qf8 17. h3 b6 18. e5 Nh5 19. Bh7+ Kh8 20. Bf5 Nf4 21. Nf1 Ne6
22. Qd2 Bb7 23. Ne3 Red8 24. Nc2 Qe8 25. Nfd4 Bxd4 26. Nxd4 Ndc5 27. Bc2 Nxd4
28. Bxd4 Kg8 29. Rab1 Qe7 30. Re3 Ne4 31. Qd3 Qc7 32. f3 Ng5 33. e6 Qg3 34. e7
Re8 35. Bxb6 1-0

[Event "Open Ciutat de Sabadell 2010"]
[Site "Sabadell ESP"]
[Date "2010.09.09"]
[Round "8.1"]
[White "Almeida Quintana, Omar"]
[Black "Peralta, Fernando"]
[Result "1/2-1/2"]
[WhiteElo "2559"]
[BlackElo "2564"]
[PlyCount "46"]
[EventDate "2010.09.01"]
[EventType "swiss"]
[EventRounds "9"]
[EventCountry "ESP"]
[Source "lmi"]
[SourceDate "2010.09.01"]

1. d4 d5 2. c4 e6 3. Nc3 Bb4 4. Nf3 Nf6 5. cxd5 exd5 6. Bg5 Nbd7 7. Rc1 c6 8.
a3 Bd6 9. e3 O-O 10. Bd3 Re8 11. O-O Nf8 12. h3 h6 13. Bh4 Ng6 14. Bxf6 Qxf6
15. e4 dxe4 16. Nxe4 Qd8 17. Re1 Be6 18. Nxd6 Qxd6 19. Bxg6 fxg6 20. Qd3 Bd5
21. Ne5 g5 22. Qg3 Qf6 23. b4 Rad8 1/2-1/2

[Event "Open Ciutat de Sabadell 2010"]
[Site "Sabadell ESP"]
[Date "2010.09.09"]
[Round "8.2"]
[White "Fier, Alexandr"]
[Black "Kovalyov, Anton"]
[Result "0-1"]
[WhiteElo "2588"]
[BlackElo "2601"]
[PlyCount "78"]
[EventDate "2010.09.01"]
[EventType "swiss"]
[EventRounds "9"]
[EventCountry "ESP"]
[Source "lmi"]
[SourceDate "2010.09.01"]

1. e4 c5 2. Nf3 d6 3. d4 cxd4 4. Nxd4 Nf6 5. Nc3 a6 6. Be3 e5 7. Nb3 Be6 8. h3
Nbd7 9. g4 Rc8 10. g5 Rxc3 11. bxc3 Nxe4 12. Qd3 d5 13. Bg2 Qc7 14. c4 Bb4+ 15.
Kf1 d4 16. Qxe4 dxe3 17. fxe3 O-O 18. Kg1 Rb8 19. Rd1 a5 20. Bf1 Be7 21. h4 f5
22. Qf3 a4 23. Nc1 Bc5 24. Kg2 Qb6 25. e4 Rf8 26. Bd3 f4 27. Ne2 h5 28. Rb1 Qa5
29. Qxh5 f3+ 30. Kg3 fxe2 31. Qg6 Bf2+ 32. Kg2 Bf7 33. Qf5 e1=Q 34. Rhxe1 Bxe1
35. g6 Qd2+ 36. Kh1 Be8 37. Qe6+ Kh8 38. Qg4 Nf6 39. Qf5 Bg3 0-1

[Event "Open Ciutat de Sabadell 2010"]
[Site "Sabadell ESP"]
[Date "2010.09.09"]
[Round "8.3"]
[White "Oms Pallisse, Josep"]
[Black "Gonzalez Perez, Arian"]
[Result "1-0"]
[WhiteElo "2517"]
[BlackElo "2410"]
[PlyCount "143"]
[EventDate "2010.09.01"]
[EventType "swiss"]
[EventRounds "9"]
[EventCountry "ESP"]
[Source "lmi"]
[SourceDate "2010.09.01"]

1. d4 Nf6 2. c4 c5 3. d5 b5 4. cxb5 a6 5. bxa6 g6 6. Nc3 Bxa6 7. Nf3 d6 8. g3
Bg7 9. Bg2 Nbd7 10. Rb1 O-O 11. O-O Qa5 12. Bd2 Rfb8 13. Qc2 Qc7 14. b3 Nb6 15.
Nh4 Qb7 16. b4 cxb4 17. Rxb4 Qc7 18. Rc1 Rc8 19. Qd1 Nc4 20. Nb1 Qa7 21. Be1
Ng4 22. Bf3 Nge5 23. Bg2 Ne3 24. Rxc8+ Rxc8 25. fxe3 Qxe3+ 26. Bf2 Qc1 27. Qxc1
Rxc1+ 28. Bf1 Bxe2 29. Rb8+ Bf8 30. Nd2 Rd1 31. Be3 Ng4 32. Bf4 f6 33. h3 g5
34. hxg4 gxf4 35. Kf2 Rxd2 36. Bxe2 fxg3+ 37. Kf1 Rxa2 38. Rb3 Ra1+ 39. Kg2 Ra2
40. Re3 Kf7 41. Nf5 Kg6 42. Kxg3 Ra5 43. Bf3 Ra7 44. Re2 Rb7 45. Be4 Kf7 46.
Rh2 Rb3+ 47. Kf4 h6 48. Nxh6+ Bxh6+ 49. Rxh6 Rb2 50. Rh7+ Ke8 51. Bg6+ Kd8 52.
Bf5 Rb4+ 53. Ke3 Rb3+ 54. Kd4 Rb4+ 55. Kc3 Rb7 56. Be6 Ra7 57. Kd3 Rb7 58. Ke4
Rb1 59. Kf5 Re1 60. Kg6 Rf1 61. Kf7 Rf2 62. Rh8+ Kc7 63. Kxe7 Rf1 64. Rc8+ Kb7
65. Rc6 Ra1 66. Rxd6 Kc7 67. Rc6+ Kb8 68. Rc2 f5 69. gxf5 Ra7+ 70. Bd7 Ra1 71.
f6 Re1+ 72. Be6 1-0

[Event "Open Ciutat de Sabadell 2010"]
[Site "Sabadell ESP"]
[Date "2010.09.09"]
[Round "8.4"]
[White "Barrientos, Sergio E"]
[Black "Perez Mitjans, Orelvis"]
[Result "1-0"]
[WhiteElo "2464"]
[BlackElo "2445"]
[PlyCount "168"]
[EventDate "2010.09.01"]
[EventType "swiss"]
[EventRounds "9"]
[EventCountry "ESP"]
[Source "lmi"]
[SourceDate "2010.09.01"]

1. e4 e6 2. d4 d5 3. Nc3 Bb4 4. e5 c5 5. a3 Bxc3+ 6. bxc3 Qc7 7. Qg4 f6 8. Qg3
c4 9. Nf3 Nc6 10. h4 Qf7 11. h5 h6 12. Nh4 Nge7 13. Be2 Bd7 14. O-O O-O-O 15.
f4 Rdg8 16. a4 g6 17. hxg6 Nxg6 18. Bh5 Nxh4 19. Qxh4 Qg7 20. Bf3 fxe5 21. dxe5
Be8 22. Qh3 Qd7 23. f5 exf5 24. Bf4 Bf7 25. a5 Be6 26. Qh4 h5 27. Rfd1 Rg6 28.
Rd2 Qg7 29. Qh3 Ne7 30. Qh4 Nc6 31. Qh3 Ne7 32. Qh4 Kb8 33. Rb1 Ka8 34. a6 b6
35. Be3 Nc6 36. Bf4 Qf7 37. Rbd1 Rhg8 38. Qxh5 Qg7 39. Qh4 Ne7 40. Bh2 Rc8 41.
Qf4 Rc5 42. Kf1 Kb8 43. Ra1 Rh6 44. Bg1 Rb5 45. Rdd1 Rh7 46. Rdb1 Qh6 47. Qxh6
Rxb1+ 48. Rxb1 Rxh6 49. Ke2 Kc7 50. Be3 Rh7 51. Bg5 Nc6 52. Ke3 Nb8 53. Ra1 Kc6
54. Bd8 Rd7 55. Bf6 Kb5 56. Bh5 Rh7 57. Be8+ Kc5 58. Kf4 Nd7 59. Bg6 Nxf6 60.
exf6 Rh4+ 61. Kf3 Kd6 62. Re1 Rh6 63. f7 Rh8 64. Kf4 Rf8 65. Re5 Rh8 66. Re1
Rf8 67. Re5 Rh8 68. Re3 Rf8 69. Rh3 Bxf7 70. Bxf5 Kc5 71. Rh6 Be8 72. g4 Ba4
73. g5 d4 74. cxd4+ Kxd4 75. Rf6 Rg8 76. Rf7 Kc3 77. Rxa7 Bxc2 78. Be6 Re8 79.
Ke5 b5 80. Rc7 Bd1 81. Kf6 Bf3 82. g6 Kd4 83. g7 Bd5 84. Bxd5 Kxd5 1-0

[Event "Open Ciutat de Sabadell 2010"]
[Site "Sabadell ESP"]
[Date "2010.09.09"]
[Round "8.5"]
[White "Gonzalez Rodriguez, Jorge A"]
[Black "Rios, Cristhian Camilo"]
[Result "1-0"]
[WhiteElo "2399"]
[BlackElo "2380"]
[PlyCount "103"]
[EventDate "2010.09.01"]
[EventType "swiss"]
[EventRounds "9"]
[EventCountry "ESP"]
[Source "lmi"]
[SourceDate "2010.09.01"]

1. c4 g6 2. Nc3 Bg7 3. g3 f5 4. Bg2 Nf6 5. d4 O-O 6. Nf3 d6 7. O-O Qe8 8. d5
Na6 9. Nd4 Bd7 10. a3 Nc5 11. b4 e5 12. dxe6 Nxe6 13. Nb3 Bc6 14. Nd5 Ne4 15.
Rb1 Ba4 16. Bxe4 fxe4 17. Bb2 Qf7 18. Bxg7 Nxg7 19. Qd2 Bxb3 20. Rxb3 Rae8 21.
f4 Nf5 22. Rc3 c6 23. Ne3 Qe6 24. Rd1 Rd8 25. Nxf5 Qxf5 26. Qd4 a6 27. Rc2 Rd7
28. Rcd2 Re8 29. Qe3 Re6 30. Rd4 Kf7 31. Kg2 h5 32. h3 b5 33. Qd2 Qf6 34. e3
bxc4 35. Rxc4 d5 36. Rd4 g5 37. Rf1 g4 38. hxg4 hxg4 39. Qe2 Qf5 40. Rh1 Rg6
41. Rh4 c5 42. bxc5 Rc7 43. Qb2 Rgc6 44. Rd2 Qf6 45. Rh7+ Kg6 46. Rxc7 Rxc7 47.
Qxf6+ Kxf6 48. Rxd5 Rb7 49. Rd4 Rb2+ 50. Kf1 Rc2 51. Rxe4 Rxc5 52. Ra4 1-0

[Event "Open Ciutat de Sabadell 2010"]
[Site "Sabadell ESP"]
[Date "2010.09.09"]
[Round "8.6"]
[White "Matnadze, Ana"]
[Black "Quesada Perez, Yuniesky"]
[Result "0-1"]
[WhiteElo "2428"]
[BlackElo "2614"]
[PlyCount "106"]
[EventDate "2010.09.01"]
[EventType "swiss"]
[EventRounds "9"]
[EventCountry "ESP"]
[Source "lmi"]
[SourceDate "2010.09.01"]

1. d4 Nf6 2. c4 e6 3. g3 Bb4+ 4. Bd2 Be7 5. Bg2 d5 6. Nf3 c6 7. Qc2 Nbd7 8. O-O
O-O 9. Bg5 b6 10. Nbd2 Bb7 11. Rad1 h6 12. Bxf6 Nxf6 13. e4 Rc8 14. Rfe1 Qc7
15. Ne5 dxc4 16. Ndxc4 b5 17. Na3 a6 18. Nd3 c5 19. dxc5 Bxc5 20. Rc1 Nd7 21.
Nxc5 Qxc5 22. Qd2 Qe7 23. Red1 Nb6 24. Qd4 Na4 25. Rxc8 Rxc8 26. h4 b4 27. Nb1
e5 28. Qd2 Rc4 29. Qe2 Rd4 30. Rc1 Qd6 31. Kh2 Nc5 32. f3 h5 33. Rc2 Bc8 34.
Nd2 Be6 35. b3 g6 36. Nf1 Nd3 37. Ne3 Qd7 38. Qf1 Kg7 39. Kh1 a5 40. f4 exf4
41. gxf4 Qd8 42. Kg1 Qb6 43. Kh1 Rd6 44. Nd5 Bxd5 45. exd5 Qe3 46. Qf3 Qe1+ 47.
Bf1 Rxd5 48. Qxd5 Qxf1+ 49. Kh2 Qxf4+ 50. Kg1 Qe3+ 51. Kh2 Ne1 52. Rc5 Qf2+ 53.
Kh1 Nf3 0-1

[Event "Open Ciutat de Sabadell 2010"]
[Site "Sabadell ESP"]
[Date "2010.09.09"]
[Round "8.7"]
[White "Anikaev, Yuri N"]
[Black "Zoler, Dan"]
[Result "0-1"]
[WhiteElo "2426"]
[BlackElo "2509"]
[PlyCount "57"]
[EventDate "2010.09.01"]
[EventType "swiss"]
[EventRounds "9"]
[EventCountry "ESP"]
[Source "lmi"]
[SourceDate "2010.09.01"]

1. Nf3 c5 2. c4 Nf6 3. Nc3 g6 4. g3 b6 5. Bg2 Bb7 6. O-O Bg7 7. d4 cxd4 8. Nxd4
Bxg2 9. Kxg2 O-O 10. Nc2 Nc6 11. b3 a6 12. a4 Qb8 13. Rb1 Qb7 14. f3 Rac8 15.
e4 e6 16. Ne3 Nh5 17. Bb2 f5 18. exf5 gxf5 19. Ne2 Ne5 20. Bxe5 Bxe5 21. Qd3
Rf7 22. Rbd1 Kh8 23. Nc2 Rd8 24. Kf2 Nf6 25. Qe3 Bb8 26. Qc3 Rc8 27. Kg2 Kg8
28. Qd2 Rd8 29. Ncd4 0-1

[Event "Open Ciutat de Sabadell 2010"]
[Site "Sabadell ESP"]
[Date "2010.09.09"]
[Round "8.8"]
[White "Martinez Duany, Lelys Stanley"]
[Black "Vilela De Acuna, Jose Luis"]
[Result "1/2-1/2"]
[WhiteElo "2507"]
[BlackElo "2326"]
[PlyCount "76"]
[EventDate "2010.09.01"]
[EventType "swiss"]
[EventRounds "9"]
[EventCountry "ESP"]
[Source "lmi"]
[SourceDate "2010.09.01"]

1. e4 c6 2. d4 d5 3. Nc3 dxe4 4. Nxe4 Bf5 5. Ng3 Bg6 6. h4 h6 7. Nf3 Nd7 8. h5
Bh7 9. Bd3 Bxd3 10. Qxd3 e6 11. Bd2 Ngf6 12. O-O-O Be7 13. Qe2 O-O 14. Ne5 Rc8
15. Kb1 c5 16. Nxd7 Qxd7 17. dxc5 Qc6 18. Bc3 Nd5 19. Be5 Qxc5 20. Rhe1 Rfd8
21. c3 Qb6 22. Ne4 Nf6 23. Nxf6+ Bxf6 24. Bxf6 gxf6 25. Qg4+ Kf8 26. Qf4 Kg7
27. Rxd8 Rxd8 28. Re3 Rd5 29. Kc1 Rxh5 30. Rg3+ Rg5 31. Rxg5+ hxg5 32. Qd2 Kh6
33. g4 f5 34. Qd7 Qxf2 35. Qxf7 Qe1+ 36. Kc2 Qe2+ 37. Kb3 Qxg4 38. Qf8+ Kh5
1/2-1/2

[Event "Open Ciutat de Sabadell 2010"]
[Site "Sabadell ESP"]
[Date "2010.09.09"]
[Round "8.9"]
[White "Carlstedt, Jonathan"]
[Black "Escobar, Forero Alder"]
[Result "1/2-1/2"]
[WhiteElo "2376"]
[BlackElo "2454"]
[PlyCount "69"]
[EventDate "2010.09.01"]
[EventType "swiss"]
[EventRounds "9"]
[EventCountry "ESP"]
[Source "lmi"]
[SourceDate "2010.09.01"]

1. c4 g6 2. g3 Bg7 3. Bg2 e5 4. Nc3 Ne7 5. e3 O-O 6. Nge2 c6 7. d4 d6 8. b3 Bg4
9. h3 Bxe2 10. Nxe2 exd4 11. exd4 Nf5 12. O-O Re8 13. Bb2 Nd7 14. Qd3 Nb6 15.
Nf4 Qf6 16. Rab1 Qg5 17. Be4 Ne7 18. h4 Qg4 19. Bf3 Qf5 20. Qxf5 Nxf5 21. Rfd1
h5 22. c5 Nd7 23. d5 Bxb2 24. Rxb2 cxd5 25. Nxd5 dxc5 26. Nc7 Ne5 27. Nxe8
Nxf3+ 28. Kg2 N3xh4+ 29. gxh4 Rxe8 30. Rd7 b6 31. Rxa7 Re1 32. Ra4 b5 33. Rf4
Nd4 34. Rd2 b4 35. Rfxd4 1/2-1/2

[Event "Open Ciutat de Sabadell 2010"]
[Site "Sabadell ESP"]
[Date "2010.09.09"]
[Round "8.10"]
[White "Subirats Ruiz, Sergi"]
[Black "Lopez Martinez, Josep Manuel"]
[Result "0-1"]
[WhiteElo "2191"]
[BlackElo "2531"]
[PlyCount "53"]
[EventDate "2010.09.01"]
[EventType "swiss"]
[EventRounds "9"]
[EventCountry "ESP"]
[Source "lmi"]
[SourceDate "2010.09.01"]

1. e4 c6 2. d4 d5 3. Nd2 dxe4 4. Nxe4 Bf5 5. Ng3 Bg6 6. Bc4 e6 7. N1e2 Bd6 8.
O-O Qc7 9. b3 Nd7 10. f4 Ne7 11. Bd3 Nf6 12. c4 Qd7 13. Qc2 O-O 14. Bb2 Ng4 15.
Rf3 Rad8 16. Ne4 Bc7 17. b4 b6 18. a4 Nf5 19. b5 c5 20. dxc5 Nge3 21. Rxe3 Nxe3
22. Qc3 e5 23. Nd6 Qg4 24. Ng3 Bxd6 25. Qd2 exf4 26. Qc3 bxc5 27. Nf5 0-1

[Event "Open Ciutat de Sabadell 2010"]
[Site "Sabadell ESP"]
[Date "2010.09.10"]
[Round "9.1"]
[White "Peralta, Fernando"]
[Black "Barrientos, Sergio E"]
[Result "1/2-1/2"]
[WhiteElo "2564"]
[BlackElo "2464"]
[PlyCount "41"]
[EventDate "2010.09.01"]
[EventType "swiss"]
[EventRounds "9"]
[EventCountry "ESP"]
[Source "lmi"]
[SourceDate "2010.09.01"]

1. d4 Nf6 2. c4 g6 3. Nc3 d5 4. cxd5 Nxd5 5. e4 Nxc3 6. bxc3 Bg7 7. Bc4 c5 8.
Ne2 O-O 9. O-O Nc6 10. Be3 Bd7 11. Rb1 Qc7 12. Bf4 Qc8 13. d5 Na5 14. Bd3 e5
15. Be3 f5 16. exf5 gxf5 17. Bg5 b6 18. Ng3 Qe8 19. Qd2 Qg6 20. f4 Bh6 21. Bxh6
1/2-1/2

[Event "Open Ciutat de Sabadell 2010"]
[Site "Sabadell ESP"]
[Date "2010.09.10"]
[Round "9.2"]
[White "Kovalyov, Anton"]
[Black "Gonzalez Rodriguez, Jorge A"]
[Result "1-0"]
[WhiteElo "2601"]
[BlackElo "2399"]
[PlyCount "61"]
[EventDate "2010.09.01"]
[EventType "swiss"]
[EventRounds "9"]
[EventCountry "ESP"]
[Source "lmi"]
[SourceDate "2010.09.01"]

1. c4 c5 2. Nf3 b6 3. g3 Bb7 4. Bg2 g6 5. d4 cxd4 6. Qxd4 Nf6 7. Nc3 Bg7 8. O-O
d6 9. Rd1 Nbd7 10. Be3 O-O 11. Qh4 Rc8 12. Rac1 a6 13. b3 Re8 14. Bh3 Rc7 15.
Bg5 Qa8 16. Nd5 Bxd5 17. cxd5 Rxc1 18. Bxc1 Nc5 19. Bg2 Nfe4 20. Ng5 Nxg5 21.
Bxg5 Qb7 22. Qb4 Bf6 23. Be3 Rc8 24. Rc1 Rc7 25. g4 b5 26. g5 Bb2 27. Rc2 Be5
28. Qa5 b4 29. Rxc5 Rxc5 30. Bxc5 dxc5 31. Qd8+ 1-0

[Event "Open Ciutat de Sabadell 2010"]
[Site "Sabadell ESP"]
[Date "2010.09.10"]
[Round "9.3"]
[White "Oms Pallisse, Josep"]
[Black "Almeida Quintana, Omar"]
[Result "0-1"]
[WhiteElo "2517"]
[BlackElo "2559"]
[PlyCount "54"]
[EventDate "2010.09.01"]
[EventType "swiss"]
[EventRounds "9"]
[EventCountry "ESP"]
[Source "lmi"]
[SourceDate "2010.09.01"]

1. d4 g6 2. c4 Bg7 3. e4 d6 4. Nc3 Nd7 5. Nf3 e5 6. Be2 Ngf6 7. O-O O-O 8. Be3
h6 9. h3 exd4 10. Bxd4 Re8 11. Nd2 b6 12. Re1 Bb7 13. Qc2 Nc5 14. Bf1 Ne6 15.
Be3 Nd7 16. Nb3 Nec5 17. Nxc5 bxc5 18. Rad1 Kh7 19. f3 Qh4 20. Bf2 Qg5 21. Nd5
Bxd5 22. cxd5 Rab8 23. Qa4 Ne5 24. Kh1 Rxb2 25. Be3 Qg3 26. Qxe8 Nxf3 27. Bg1
Nxe1 0-1

[Event "Open Ciutat de Sabadell 2010"]
[Site "Sabadell ESP"]
[Date "2010.09.10"]
[Round "9.4"]
[White "Quesada Perez, Yuniesky"]
[Black "Fier, Alexandr"]
[Result "1/2-1/2"]
[WhiteElo "2614"]
[BlackElo "2588"]
[PlyCount "86"]
[EventDate "2010.09.01"]
[EventType "swiss"]
[EventRounds "9"]
[EventCountry "ESP"]
[Source "lmi"]
[SourceDate "2010.09.01"]

1. e4 c5 2. Nf3 e6 3. d4 cxd4 4. Nxd4 Nc6 5. Nc3 Qc7 6. Be3 a6 7. Qd2 Nf6 8.
O-O-O Be7 9. f3 O-O 10. g4 b5 11. g5 Nh5 12. Nce2 Rd8 13. Ng3 Nxd4 14. Qxd4 Nf4
15. Kb1 Bb7 16. Bxf4 Qxf4 17. Nh5 e5 18. Qf2 Bc5 19. Qxc5 Qxf3 20. Nf6+ gxf6
21. Bd3 Rac8 22. Qd6 fxg5 23. Qh6 Qf4 24. Rdf1 Qh4 25. Qf6 Rf8 26. Rhg1 h6 27.
Qf5 Rce8 28. Rg3 d6 29. Rfg1 Re6 30. a4 Kg7 31. Rg4 Qxh2 32. R1g2 Qh5 33. Rxg5+
hxg5 34. Rxg5+ Qg6 35. Rxg6+ Rxg6 36. axb5 Bc8 37. Qf2 axb5 38. Bxb5 f5 39.
Qa7+ Kh6 40. Qe7 Rgf6 41. exf5 Bxf5 42. Bd3 Kg5 43. Qa7 Bxd3 1/2-1/2

[Event "Open Ciutat de Sabadell 2010"]
[Site "Sabadell ESP"]
[Date "2010.09.10"]
[Round "9.5"]
[White "Zoler, Dan"]
[Black "Gonzalez Perez, Arian"]
[Result "1-0"]
[WhiteElo "2509"]
[BlackElo "2410"]
[PlyCount "113"]
[EventDate "2010.09.01"]
[EventType "swiss"]
[EventRounds "9"]
[EventCountry "ESP"]
[Source "lmi"]
[SourceDate "2010.09.01"]

1. d4 Nf6 2. c4 c5 3. d5 b5 4. Nd2 bxc4 5. e4 c3 6. bxc3 g6 7. Bd3 Bg7 8. Ne2
O-O 9. O-O e6 10. Rb1 exd5 11. exd5 d6 12. Nc4 Ba6 13. Bg5 Bxc4 14. Bxc4 Nbd7
15. Bb5 Rb8 16. Ng3 Qa5 17. c4 a6 18. Bxd7 Nxd7 19. Ne4 Qxa2 20. Nxd6 Bd4 21.
Be7 Rxb1 22. Qxb1 Bxf2+ 23. Kh1 Qxb1 24. Rxb1 Ra8 25. Rb7 Ne5 26. Ne4 Bd4 27.
d6 a5 28. d7 Nxd7 29. Rxd7 a4 30. Nxc5 a3 31. Nb3 a2 32. g3 Rb8 33. Rd8+ Rxd8
34. Bxd8 a1=Q+ 35. Nxa1 Bxa1 36. c5 Kf8 37. c6 Ke8 38. Bc7 Ke7 39. Kg2 Ke6 40.
Bb8 f5 41. Kf3 Bf6 42. h4 g5 43. h5 Bd4 44. Ke2 Ke7 45. Kd3 Bf2 46. Be5 Bb6 47.
Kc4 Be3 48. Kd5 Bb6 49. Bd6+ Kf6 50. c7 Bxc7 51. Bxc7 Kg7 52. Ke5 Kh6 53. Kxf5
Kxh5 54. Bd8 h6 55. Ba5 g4 56. Kf4 Kg6 57. Kxg4 1-0

[Event "Open Ciutat de Sabadell 2010"]
[Site "Sabadell ESP"]
[Date "2010.09.10"]
[Round "9.6"]
[White "Rios, Cristhian Camilo"]
[Black "Lopez Martinez, Josep Manuel"]
[Result "0-1"]
[WhiteElo "2380"]
[BlackElo "2531"]
[PlyCount "84"]
[EventDate "2010.09.01"]
[EventType "swiss"]
[EventRounds "9"]
[EventCountry "ESP"]
[Source "lmi"]
[SourceDate "2010.09.01"]

1. d4 d5 2. c4 c6 3. Nc3 Nf6 4. Nf3 dxc4 5. e4 b5 6. e5 Nd5 7. a4 e6 8. Ng5 h6
9. Nge4 b4 10. Nb1 Ba6 11. Nbd2 c3 12. bxc3 bxc3 13. Nc4 Bxc4 14. Bxc4 Qh4 15.
Qf3 Nd7 16. a5 Bb4 17. O-O O-O 18. g3 Qh3 19. Ba3 Rab8 20. Bxb4 Rxb4 21. Nd6 c5
22. Rfd1 c2 23. Re1 Rxc4 24. Nxc4 cxd4 25. Rac1 f6 26. Rxc2 fxe5 27. Qg2 Qxg2+
28. Kxg2 Rc8 29. Rcc1 Rc5 30. Nb2 Rxa5 31. Ra1 Rb5 32. Nc4 Rc5 33. Nd6 Rc6 34.
Ne4 Rc2 35. Rxa7 N7b6 36. Nd6 d3 37. Ne4 Nc4 38. Rb1 d2 39. Nxd2 Rxd2 40. Rbb7
Nce3+ 41. Kf3 Nf5 42. g4 e4+ 0-1

[Event "Open Ciutat de Sabadell 2010"]
[Site "Sabadell ESP"]
[Date "2010.09.10"]
[Round "9.7"]
[White "Escobar, Forero Alder"]
[Black "Martinez Duany, Lelys Stanley"]
[Result "0-1"]
[WhiteElo "2454"]
[BlackElo "2507"]
[PlyCount "116"]
[EventDate "2010.09.01"]
[EventType "swiss"]
[EventRounds "9"]
[EventCountry "ESP"]
[Source "lmi"]
[SourceDate "2010.09.01"]

1. d4 Nf6 2. c4 c5 3. d5 e5 4. Nc3 d6 5. e4 Nbd7 6. Bd3 g6 7. Nge2 Bg7 8. O-O
O-O 9. a3 Nh5 10. Qc2 Qf6 11. Rb1 Nf4 12. g3 Nxd3 13. Qxd3 Qe7 14. b4 b6 15.
Be3 f5 16. bxc5 Nxc5 17. Bxc5 bxc5 18. f3 h5 19. Rb2 h4 20. Kg2 Rf7 21. Rfb1
Bf8 22. Rb8 Rxb8 23. Rxb8 Qc7 24. Rb1 Rh7 25. Nd1 fxe4 26. fxe4 h3+ 27. Kg1 Rf7
28. Ndc3 Bg4 29. Rf1 Bh6 30. Nd1 Qa5 31. Rxf7 Kxf7 32. Kf2 Qd2 33. Qxd2 Bxd2
34. Ne3 Bc8 35. Nf1 Bg5 36. Ne3 Bd8 37. Ng1 Ba5 38. Ke2 Bc3 39. g4 Bb2 40. a4
a5 41. Nxh3 Kf6 42. g5+ Ke7 43. Nf2 Bd7 44. Nd3 Bd4 45. Nc2 Bc3 46. Nc1 Bxa4
47. Kd3 Bb2 48. Kd2 Bd7 49. Nd3 Bd4 50. Nxd4 cxd4 51. Nf2 Ba4 52. Nd3 Bb3 53.
c5 Bc4 54. Nb2 Bb5 55. c6 a4 56. Nd1 a3 57. Kc1 Be2 58. Nf2 d3 0-1

[Event "Open Ciutat de Sabadell 2010"]
[Site "Sabadell ESP"]
[Date "2010.09.10"]
[Round "9.8"]
[White "Perez Mitjans, Orelvis"]
[Black "Carlstedt, Jonathan"]
[Result "0-1"]
[WhiteElo "2445"]
[BlackElo "2376"]
[PlyCount "79"]
[EventDate "2010.09.01"]
[EventType "swiss"]
[EventRounds "9"]
[EventCountry "ESP"]
[Source "lmi"]
[SourceDate "2010.09.01"]

1. e4 c5 2. Nf3 Nf6 3. Qe2 Nc6 4. e5 Nd5 5. Qe4 e6 6. Nc3 f5 7. Qe2 Ndb4 8. Qd1
Nd4 9. Nxd4 cxd4 10. Nb5 Qb6 11. Na3 Nd5 12. g3 Qc7 13. f4 Bb4 14. Kf2 Qc5 15.
Bd3 O-O 16. Nc4 Qc6 17. a4 b6 18. h4 Bb7 19. Rh2 a6 20. Kf1 Bc5 21. Be2 Qc7 22.
c3 b5 23. cxd4 Bxd4 24. Nd6 Bc6 25. axb5 axb5 26. Rb1 Qa5 27. d3 Qa2 28. Bd2
Bxb2 29. Bf3 Ba3 30. Re2 Bxd6 31. exd6 Qa6 32. h5 Nc3 33. Bxc3 Bxf3 34. h6 Qc6
35. Bxg7 Bxe2+ 36. Kxe2 Ra2+ 37. Ke3 Qg2 38. Qe1 Rc8 39. Rxb5 Rc1 40. g4 0-1

[Event "Open Ciutat de Sabadell 2010"]
[Site "Sabadell ESP"]
[Date "2010.09.10"]
[Round "9.9"]
[White "Vilela De Acuna, Jose Luis"]
[Black "Alberto, Manuel"]
[Result "1-0"]
[WhiteElo "2326"]
[BlackElo "2200"]
[PlyCount "43"]
[EventDate "2010.09.01"]
[EventType "swiss"]
[EventRounds "9"]
[EventCountry "ESP"]
[Source "lmi"]
[SourceDate "2010.09.01"]

1. d4 Nf6 2. Nf3 g6 3. Bg5 Ne4 4. Bh4 c5 5. c3 Bg7 6. Nbd2 Nxd2 7. Qxd2 cxd4 8.
cxd4 d5 9. e3 O-O 10. Be2 Nc6 11. O-O Bf5 12. Rac1 Qb6 13. Rc5 e6 14. Rfc1 h6
15. Bg3 g5 16. Rb5 Qd8 17. Rxb7 Rc8 18. Bb5 Nb8 19. Rxc8 Qxc8 20. Rxb8 Qxb8 21.
Bxb8 Rxb8 22. a4 1-0

[Event "Open Ciutat de Sabadell 2010"]
[Site "Sabadell ESP"]
[Date "2010.09.10"]
[Round "9.10"]
[White "Rios, Alejandro"]
[Black "Matnadze, Ana"]
[Result "1/2-1/2"]
[WhiteElo "2299"]
[BlackElo "2428"]
[PlyCount "27"]
[EventDate "2010.09.01"]
[EventType "swiss"]
[EventRounds "9"]
[EventCountry "ESP"]
[Source "lmi"]
[SourceDate "2010.09.01"]

1. e4 c5 2. Nf3 d6 3. d4 cxd4 4. Nxd4 Nf6 5. Nc3 Nc6 6. f4 Bd7 7. Be3 Ng4 8.
Bg1 Nxd4 9. Qxd4 e5 10. Qd2 exf4 11. Qxf4 Be7 12. Nd5 O-O 13. Nxe7+ Qxe7 14.
O-O-O 1/2-1/2